Locución en la radio popular /
Guardado en:
| Hovedforfatter: | |
|---|---|
| Andre forfattere: | |
| Format: | Bog |
| Sprog: | Spanish |
| Udgivet: |
Quito, Ecuador
Asociación Latinoamericana de Educación Radiofónica, ALER
1988
|
| Serier: | Manuales de Capacitación
|
| Fag: | |
| Tags: |
Tilføj Tag
Ingen Tags, Vær først til at tagge denne postø!
|
MARC
| LEADER | 00000nam a22000007a 4500 | ||
|---|---|---|---|
| 003 | cru CIDCACS/IIS | ||
| 005 | 20170901135419.0 | ||
| 008 | 170901b1988 ec ao||| |||||00| 0 spa d | ||
| 999 | |c 40373 |d 40373 | ||
| 040 | |c cru CIDCACS/IIS | ||
| 100 | 1 | 0 | |9 5481 |a López Vigil, José Ignacio |
| 245 | 1 | 0 | |a Locución en la radio popular / |c José Ignacio López Vigil, ilustración Fabrizio Moreno S. |
| 260 | |a Quito, Ecuador |b Asociación Latinoamericana de Educación Radiofónica, ALER |c 1988 | ||
| 300 | |a 77 páginas | ||
| 440 | 0 | |9 5393 |a Manuales de Capacitación |n 11 | |
| 500 | |a Donación Alforja | ||
| 650 | 1 | 7 | |9 2958 |a RADIO EDUCATIVA |
| 650 | 1 | 0 | |9 196 |a COMUNICACION |
| 651 | 1 | 0 | |9 17 |a AMERICA LATINA |
| 700 | 1 | 0 | |9 5484 |a Moreno S., Fabrizio |4 ilustrador |
| 942 | |2 ddc |c LI | ||
